00483nam a2200157Ia 4500008004100000020001300041082001500054100002300069245006700092250000700159260004100166300002800207500001900235600002100254650005000275240925s9999 xx 000 0 und d a70495491 a005.73 LIP aLipschutz, Seymour 0aSchaum's Outline Series Theory and Problems of Data Structures aNA aLahore:bJahangir Book Depotc,1986. axix,641p.bNAfOriginal aIncludes Index aComputer Science aComputer science, information & general works